000 00670nam a22002417a 4500
003 UA-OsUOA
001 32327
007 ta
008 20050131b un ||||| |||| 00| 0 ukr d
090 _a94(477)04
_bЗ-33
942 _cBK
040 _aUA-OsUOA
_bukr
_cUA-OsUOA
_dUA-OsUOA
245 _aЗапорожці
_bДо історії козацької культури
_cУпоряд. І.Кравченко Ю.Іванченко
300 _a400 с.
_bІлюстрації
955 _a0
041 _aukr
080 _a94(477)04
020 _a5-7715-0485-8
260 _aКиїв
_bМистецтво
_c1993
044 _aUA
650 7 _2UDC
999 _c318769
_d318769